Normal view
MARC view
- Hursch, Carolyn J
Entry Personal Name
001 - CONTROL NUMBER
- control field: 36844
003 - CONTROL NUMBER IDENTIFIER
- control field: NUST
005 - DATE AND TIME OF LATEST TRANSACTION
- control field: 20210314130118.0
008 - FIXED-LENGTH DATA ELEMENTS
- fixed length control field: 210314|| aca||aabn | a|a d
040 ## - CATALOGING SOURCE
- Original cataloging agency: NUST
- Transcribing agency: NUST
100 ## - HEADING--PERSONAL NAME
- Personal name: Hursch, Carolyn J
670 ## - SOURCE DATA FOUND
- Source citation: Work cat.: (NUST): Hursch, Jack L. 36843, dBase IV essentials /, 1988.
